[Event "Bergamo op 1st"]
[Site "Bergamo"]
[Date "2002.07.26"]
[Round "1"]
[White "Dondi, Renzo"]
[Black "Ferretti, Folco"]
[Result "0-1"]
[WhiteElo "1633"]
[BlackElo "2279"]
[PlyCount "64"]
[EventDate "2002.07.26"]
[EventType "swiss"]
[EventRounds "6"]
[EventCountry "ITA"]
[SourceTitle "EXT 2007"]
[Source "ChessBase"]
[SourceDate "2006.11.23"]
[SourceVersion "1"]
[SourceVersionDate "2006.11.23"]
[SourceQuality "1"]

1. Nf3 Nf6 2. e3 d5 3. c4 c6 4. Be2 Bg4 5. cxd5 cxd5 6. b4 e6 7. a3 Bd6 8. d4 a5 9. b5 0-0 10. Bb2 Nbd7 11. Nbd2 a4 12. 0-0 Qe7 13. Ne5 Bf5 14. Nxd7 Nxd7 15. g4 Bg6 16. f4 f6 17. Nf3 Rfc8 18. Bd3 Bxd3 19. Qxd3 Nb6 20. Nd2 f5 21. g5 Qe8 22. Rac1 Rxc1 23. Rxc1 Ra5 24. Rb1 Rxb5 25. Bc1 Rxb1 26. Qxb1 Qc6 27. Kf2 Nc4 28. Nxc4 dxc4 29. Kg3 b5 30. Qc2 b4 31. axb4 Bxb4 32. Bb2 Be1+ 0-1